AZ AUDIT ÉRTÉKTEREMTÉSE A KISVÁLLALATOKNÁL

Bibliographic Details
Main Author: Tölcsérné Filó Zsanett
Other Authors: Bán Dr Erika
Format: Thesis
Kulcsszavak:Ellenőrzés
Audit
Értékteremtés
Online Access:http://dolgozattar.uni-bge.hu/22045

MARC

LEADER 00000nta a2200000 i 4500
001 dolg22045
005 20190516103407.0
008 190516suuuu hu om 000 hun d
040 |a BGE Dolgozattár Repozitórium  |b hun 
041 |a hu 
100 1 |a Tölcsérné Filó Zsanett 
245 1 3 |a AZ AUDIT ÉRTÉKTEREMTÉSE A KISVÁLLALATOKNÁL  |c Tölcsérné Filó Zsanett  |h [elektronikus dokumentum] 
695 |a Ellenőrzés 
695 |a Audit 
695 |a Értékteremtés 
700 1 |a Bán Dr Erika  |e ths 
856 4 0 |u http://dolgozattar.uni-bge.hu/22045/1/Szakdolgozat_T%C3%B6lcs%C3%A9rn%C3%A9_F_Zsanett_YNWMM7.pdf  |z Dokumentum-elérés